000 01044nam a2200241Ia 4500
999 _c40565
_d40565
001 7189
003 GE_BSU
005 20230925120606.0
008 181216s ||||ge |||||||||||||| ||geo||
020 _a9789941425325
040 _cGE_BSU
041 _ageo
080 _a821.353.1-1 გ-76
100 _aგრანელი, ტერენტი
_96696
245 _a(1897-1934) : ლექსები /
_cტერენტი გრანელი ; მთ. რედ. : ეთერ ინწკირველი, პროგრამის ხელმძ. ზაზა აბზიანიძე, მხატვ. თეა ინწკირველი.
264 _aთბილისი :
_bსაოჯახო ბიბლიოთეკა,
_c2011.
300 _a325 გვ. :
_bფოტო-პორტრეტი,
_c22სმ.
490 _aქართული სიტყვიერება
_xISSN 2233-3053
541 _h8ლ.
653 _a(1897-1934)
653 _aლექსები
942 _cBK
_2udc